| 000 | 00471nam a2200193Ia 4500 | ||
|---|---|---|---|
| 005 | 20240823032551.0 | ||
| 008 | 240823s9999||||xx |||||||||||||| ||und|| | ||
| 020 | _a978-1-4039-9879-3 | ||
| 041 | _aENGLISH | ||
| 082 | _A001.42 P7 | ||
| 100 | _aMartin Brett Davies | ||
| 245 | 0 | _aDoing a Sussessful research project | |
| 250 | _a1st | ||
| 260 |
_c2007 _bPalgrave macm |
||
| 500 | _aYES | ||
| 650 |
_aResearch _bManagement Studies |
||
| 942 | _cBK | ||
| 999 |
_c193738 _d193738 |
||